Responses for show #1858 - Wednesday, October 7, 1992

Contestants

[<< previous game]

Mitch Hankins, an attorney from Lubbock, Texas

Susan Speers, a freelance writer from Chicago, Illinois

Felice Bogus, a grad student originally from Norfolk, Virginia (whose 2-day cash winnings total $26,801)

Jeopardy! Round responses

CIVIL WAR NICKNAMES
TRAVEL & TOURISM
THE TONIGHT SHOW
ANIMALS
STOP THE PRESSES!
WORD ORIGINS
    $100 1
Robert E. Lee

Felice
    $100 3
the Champs-Elysees

Mitch
    $100 8
Doc Severinsen

Felice
    $100 26
a Great Dane

Susan
    $100 21
the tooth fairy

Mitch
    $100 9
motor

Susan
    $200 2
U.S. Grant

Susan
    $200 6
the Galapagos

Felice
    $200 14
(Susan: Who is Ed McMahon?)
(Mitch: Who is Jack Paar?)

Groucho Marx

FeliceSusanMitch
    $200 27
the spider

Felice
    $200 22
[Audience laughter]

snoring

Felice
    $200 10
a decibel

Mitch
    $300 4
Fort Sumter

Felice
    $300 11
Dante

Felice
    $300 16
Joan Rivers

Felice
    $300 28
(Mitch: What's South America?)

Antarctica

SusanMitch
    $300 23
a cowboy hat

Mitch
    $300 12
(Felice: What are alms?)

a pittance

FeliceSusan
    $400 5
J.E.B. Stuart

Mitch
    $400 19
(Susan: What is Vienna?)

Salzburg

FeliceSusan
    $400 17
Tiny Tim and Miss Vicki

Mitch
    $400 29
(Susan: What is the elephant?)

the yak

Susan
Triple Stumper
    $400 24
Tammy Faye Bakker

Felice
    $500 13
(Susan: Uh, who is Paleozoic people?)

the Philistines

Susan
    $500 7
Stonewall Jackson

Susan
    $500 20
Tiananmen

Felice
    $500 18
Carnac the Magnificent

Mitch
    $500 30
an alligator (crocodile)

Mitch
    $500 25
[Audience laughter]

Des Moines

Felice
    $500 15
an abyss

Felice

Scores at the first commercial break (after clue 13):

Felice Susan Mitch
$700 $600 $700

Scores at the end of the Jeopardy! Round:

Felice Susan Mitch
$3,900 $0 $2,000

Double Jeopardy! Round responses

AUTHORS' BIRTHPLACES
THE 15th CENTURY
MONEY
THEATRE
7 WONDERS OF THE ANCIENT WORLD
PSYCH 102
    $200 3
(James) Barrie

Felice
    $200 16
the Sistine Chapel

Felice
    $200 21
Thailand

Mitch
    $200 1
Helen

Mitch
    $200 15
the Colossus of Rhodes

Felice
    $200 10
phobias

Felice
    $400 4
Thomas Hardy

Susan
    $400 17
the Incas

Susan
    $400 23
the lira

Susan
    $400 2
iambic pentameter (blank verse)

Felice
    $400 27
the Hanging Gardens of Babylon

Felice
    $400 11
dreams

Felice
    $600 5
(Mitch: What is Kansas City?)

Long Branch

Mitch
Triple Stumper
    $600 18
the Byzantine Empire

Mitch
    $2,000 24
(Susan: What are American dollars?)

the Australian dollar

Susan
    $600 8
Noel Coward

Mitch
    $600 28
the Great Pyramid

Felice
    $600 12
short-term

Felice
    $800 6
New Hampshire

Mitch
    $800 19
Prince Henry the Navigator

Mitch
    $800 25
the Dutch guilder

Susan
    $1,500 9
Canterbury (England)

Mitch
    $800 29
(Alex: What is the mollusk--[*]?)
[Laughter]

the Mausoleum

Triple Stumper
    $800 13
an instinct

Susan
    $1000 7
(Mitch: What is Argentina?)

Colombia

Mitch
Triple Stumper
    $1000 20
Aragon & Castile

Felice
    $1000 26
the schilling

Felice
    $1000 22
Stanislavsky

Mitch
    $1000 30
(Mitch: What is the Lighthouse of Rhodes?)

the lighthouse at Alexandria

Mitch
Triple Stumper
    $1000 14
an obsessive-compulsive disorder

Susan

Scores at the end of the Double Jeopardy! Round:

Felice Susan Mitch
$9,100 $1,800 $5,100

[wagering suggestions for these scores]

Final Jeopardy! Round responses

AMERICANA
(Alex: New York to Paris, the Ryan NYP.)
SusanWhat is the Spirit of St. Louis
$300
MitchWhat is the Spirit of St. Louis
$5,000
FeliceWhat is?
$1,101
the Spirit of St. Louis

Final scores:

Felice Susan Mitch
$7,999 $2,100 $10,100
2nd place: trip on Delta to Mexico & stay at the Conrad Puerto Vallarta + Jeopardy! home edition 3rd place: Dictomatic talking translator + Jeopardy! & Wheel of Fortune for SNES & Sega Genesis + Jeopardy! home edition New champion: $10,100

Game dynamics:

Coryat scores:

Felice Susan Mitch
$9,100 $4,300 $4,400
25 R,
1 W
12 R,
5 W
(including 2 DDs)
16 R
(including 1 DD),
5 W

Combined Coryat: $17,800

The J! Archive is created by fans, for fans. Scraping, republication, monetization, and malicious use prohibited; this site may use cookies and collect identifying information. See terms. The Jeopardy! game show and all elements thereof, including but not limited to copyright and trademark thereto, are the property of Jeopardy Productions, Inc. and are protected under law. This website is not affiliated with, sponsored by, or operated by Jeopardy Productions, Inc. Join the discussion at JBoard.tv.